000
00303 a2200109 4500
001
ART_11387
005
20260410161857.0
008
260409a
245
1
0
_a
Sistemas Previsionales
100
1
_a
Ferro, Gustavo
773
0
_t
Revista de Economía
_g
- Nº 78 (jul./sep. 1995)
_w
REV11077
999
_c
25524
_d
25524